Heat transfer (Record no. 3641)

000 -LEADER
fixed length control field 00564nam a2200229 a 4500
001 - CONTROL NUMBER
control field 3641
003 - CONTROL NUMBER IDENTIFIER
control field BD-DhUET
008 - FIXED-LENGTH DATA ELEMENTS--GENERAL INFORMATION
fixed length control field 960506s1997 nyua b 001 0 eng
020 ## - INTERNATIONAL STANDARD BOOK NUMBER
International Standard Book Number 0071143203
020 ## - INTERNATIONAL STANDARD BOOK NUMBER
International Standard Book Number 0078447852
040 ## - CATALOGING SOURCE
Original cataloging agency DLC
Transcribing agency DLC
Modifying agency BD-DhUET
082 00 - DEWEY DECIMAL CLASSIFICATION NUMBER
Classification number 621.011
Item number HOL/1997
100 1# - MAIN ENTRY--PERSONAL NAME
Personal name Holman, J. P.
245 10 - TITLE STATEMENT
Title Heat transfer
250 ## - EDITION STATEMENT
Edition statement 8th ed.
260 ## - PUBLICATION, DISTRIBUTION, ETC. (IMPRINT)
Place of publication, distribution, etc. New York
Name of publisher, distributor, etc. McGraw-Hill
Date of publication, distribution, etc. 1997
300 ## - PHYSICAL DESCRIPTION
Extent xviii, 696 p.
Other physical details ill.
490 ## - SERIES STATEMENT
Series statement Schaum's outline series
504 ## - BIBLIOGRAPHY, ETC. NOTE
Bibliography, etc Includes bibliographies
650 #0 - SUBJECT ADDED ENTRY--TOPICAL TERM
Topical term or geographic name as entry element Heat transfer
942 ## - ADDED ENTRY ELEMENTS (KOHA)
Koha item type General Book
Holdings
Damaged status Koha date last borrowed Price effective from Koha date last seen Koha item type Sublocation or collection (holding branch) Date acquired Not for loan Koha normalized classification for sorting Koha out on loan Location (home branch) Source of classification or shelving scheme Copy number Piece designation (barcode) Koha issues (times borrowed) Koha full call number Withdrawn status Lost status Shelving location
 2025-04-272014-11-032025-04-27General BookCentral Library, BUET2014-11-03 621_011000000000000_HOL_19972025-05-11Central Library, BUET 1924503621.011/HOL/1997  Circulation section
  2014-11-032014-11-03General BookCentral Library, BUET2014-11-03 621_011000000000000_HOL_1997 Central Library, BUET 292452 621.011/HOL/1997  Circulation section
  2014-11-032016-07-30General BookCentral Library, BUET2014-11-03 621_000000000000000_011HOL1997 Central Library, BUET 392453 621.011/HOL/1997  Circulation section
 2022-01-092014-11-032022-06-08General BookCentral Library, BUET2014-11-03 621_000000000000000_011HOL1997 Central Library, BUET 4924541621.011/HOL/1997  Circulation section
 2024-10-022014-11-032024-10-28General BookCentral Library, BUET2014-11-03 621_000000000000000_011HOL1997 Central Library, BUET 5924552621.011/HOL/1997  Circulation section
 2023-12-102014-11-032024-08-31General BookCentral Library, BUET2014-11-03 621_000000000000000_011HOL1997 Central Library, BUET 6924573621.011/HOL/1997  Circulation section
  2014-11-032014-11-03General BookCentral Library, BUET2014-11-03 621_000000000000000_011HOL1997 Central Library, BUET 792459 621.011/HOL/1997  Circulation section
 2024-03-122014-11-032024-08-28General BookCentral Library, BUET2014-11-03 621_011000000000000_HOL_1997 Central Library, BUET 8924601621.011/HOL/1997  Circulation section
 2024-04-082014-11-032024-06-22General BookCentral Library, BUET2014-11-03 621_000000000000000_011HOL1997 Central Library, BUET 9924611621.011/HOL/1997  Circulation section
 2024-12-102014-11-032025-03-12General BookCentral Library, BUET2014-11-03 621_000000000000000_011HOL1997 Central Library, BUET 10924625621.011/HOL/1997  Circulation section
 2015-03-042014-11-032017-05-03General BookCentral Library, BUET2014-11-03 621_000000000000000_011HOL1997 Central Library, BUET 11924641621.011/HOL/1997  Circulation section
 2019-06-172014-11-032019-07-10General BookCentral Library, BUET2014-11-03 621_000000000000000_011HOL1997 Central Library, BUET 12924653621.011/HOL/1997  Circulation section
 2022-05-242014-11-032022-06-08General BookCentral Library, BUET2014-11-03 621_000000000000000_011HOL1997 Central Library, BUET 13924663621.011/HOL/1997  Circulation section
  2015-04-122015-04-12General BookCentral Library, BUET2015-04-12 621_011000000000000_HOL_1997 Central Library, BUET 1492468 621.011 HOL/1997  Circulation section
  2015-07-022015-07-02Reading ItemCentral Library, BUET2015-07-02 621_011000000000000_HOL_1997 Central Library, BUET 1592447 621.011/HOL/1997  Reading section
  2015-07-092015-07-09Reading ItemCentral Library, BUET2015-07-09 621_011000000000000_HOL_1997 Central Library, BUET 1692446 621.011/HOL/1997  Reading section